Phosphorus dissolution pattern of different rock phosphates and its influence on biomass production and nodulation of Pueraria phaseoloides (Record no. 50179)

MARC details
000 -LEADER
fixed length control field 00578nam a2200169Ia 4500
100 ## - MAIN ENTRY--AUTHOR NAME
Personal name Varghese A.
245 #0 - TITLE STATEMENT
Title Phosphorus dissolution pattern of different rock phosphates and its influence on biomass production and nodulation of Pueraria phaseoloides
260 ## - PUBLICATION, DISTRIBUTION, ETC. (IMPRINT)
Name of publisher Indian Journal of Natural Rubber Research
Year of publication 1991
300 ## - PHYSICAL DESCRIPTION
Number of Pages 118-122
650 ## - SUBJECT ADDED ENTRY--TOPICAL TERM
Topical Term Phosphorus dissolution pattern
650 ## - SUBJECT ADDED ENTRY--TOPICAL TERM
Topical Term Pueraria phaseoloides
650 ## - SUBJECT ADDED ENTRY--TOPICAL TERM
Topical Term Rock phosphate
700 ## - ADDED ENTRY--PERSONAL NAME
Personal name Karthikakuttyamma M.
700 ## - ADDED ENTRY--PERSONAL NAME
Personal name Mathew M.
942 ## - ADDED ENTRY ELEMENTS (KOHA)
Koha item type Bibliography STAF
Holdings
Withdrawn status Lost status Damaged status Not for loan Home library Current library Shelving location Date acquired Serial Enumeration / chronology Koha item type
      Bibliography RRII Library RRII Library Pathology 09/04/2014 Volume 4, Issue 2 Bibliography STAF